000 00904nam a2200277 a 4500
999 _c3477
_d3477
001 1953750
003 GZU
005 20201201093843.0
008 870304s1985 rh a b 001 0 eng
010 _a 87118249
020 _a0869255479 (pbk.)
040 _aDLC
_cDLC
_dDLC
043 _af-rh---
050 0 0 _aHQ 526
_bGWA 1985
100 1 _aGwarinda, Takawira C.
245 1 0 _aSocialism & education :
_ban introduction /
_cTakawira C. Gwarinda.
260 _aHarare, Zimbabwe :
_bCollege Press,
_c1985.
300 _a128 p. :
_bill. ;
_c21 cm.
440 0 _aNew directions in education
504 _aIncludes bibliographies and index.
650 0 _aSocialism and education
_zZimbabwe.
740 0 _aSocialism and education.
906 _a7
_bcbc
_corignew
_d3
_encip
_f19
_gy-gencatlg
942 _2lcc
_cBK
_h526
_iGWA
_k1985